Statistics for Cities that are named "City"

Click here to take the quiz!

General Stats

  • This quiz has been taken 1,802 times
    (1,729 since last reset)
  • The average score is 5 of 13

Answer Stats

Population (million)City% Correct
20.0Mexico City, Mexico
87%
20.7New York City, NY-NJ-CT, USA
78%
2.2Panama City, Panama
69%
1.2Guatemala City, Guatemala
63%
2.4Kuwait City, Kuwait
49%
1.5Kansas City, MO-KS, USA
43%
0.9Oklahoma City, OK, USA
42%
1.1Salt Lake City, UT, USA
29%
8.8Ho Chi Minh City, Vietnam
20%
0.7Québec City, QC, Canada
10%
1.4Benin City, Nigeria
5%
1.5Davao City, Philippines
2%
0.8Angeles City, Philippines
1%

Score Distribution

Percentile by Number Answered

Percent of People with Each Score

Your Score History

You have not taken this quiz since the last reset